[Event "BCF-ch U12"]
[Site "Hull"]
[Date "2024.08.02"]
[Round "6"]
[White "Shi, Shaoting"]
[Black "Dearing, Alexander"]
[Result "1/2-1/2"]
[WhiteElo "1545"]
[BlackElo "1040"]
[PlyCount "143"]
[EventDate "2024.07.28"]
[EventType "swiss"]
[EventRounds "7"]
[EventCountry "ENG"]
[SourceTitle "EXT 2025"]
[Source "ChessBase"]
[SourceDate "2024.10.14"]
[SourceVersion "1"]
[SourceVersionDate "2024.10.14"]
[SourceQuality "1"]

1. e4 e5 2. Nf3 Nc6 3. Bc4 Bc5 4. c3 Nf6 5. d4 exd4 6. cxd4 Bb4+ 7. Nc3 Bxc3+ 8. bxc3 Nxe4 9. 0-0 0-0 10. Qd3 d5 11. Bb3 Bg4 12. Bb2 Bxf3 13. Qxf3 Nd2 14. Qh5 Nxf1 15. Bc2 g6 16. Qe2 Qe7 17. Qxf1 Rfe8 18. Bd3 Qg5 19. Bc1 Qe7 20. Bd2 Qa3 21. Qb1 Rab8 22. Qb5 Qa5 23. Qb2 Qb6 24. Qc1 Ne7 25. Bh6 Qe6 26. Qd2 Nf5 27. Bf4 Rbc8 28. Qb2 b6 29. Ba6 h6 30. h3 Qe4 31. Bxc8 Qxf4 32. Bxf5 Qxf5 33. Qb5 Rf8 34. Qa6 Qc2 35. Qa3 Re8 36. Rc1 Qd2 37. Rf1 Re2 38. Qxa7 Qxc3 39. Qa8+ Kg7 40. Qxd5 Rd2 41. Qe5+ Kg8 42. Re1 Qxd4 43. Re2 Qxe5 44. Rxe5 Rxa2 45. Re7 c5 46. Rb7 Ra1+ 47. Kh2 Rb1 48. Kg3 b5 49. Kf3 c4 50. Ke3 b4 51. Kd4 c3 52. Kd3 Rc1 53. Rxb4 c2 54. Rc4 Kg7 55. Kd2 Rf1 56. Rxc2 Rxf2+ 57. Kd3 Rxc2 58. Kxc2 Kf6 59. Kd3 Kg5 60. g3 h5 61. Ke4 h4 62. g4 f5+ 63. gxf5 gxf5+ 64. Ke5 Kg6 65. Kf4 Kf6 66. Kf3 Ke5 67. Ke3 f4+ 68. Kf3 Kf5 69. Kf2 Ke4 70. Ke2 f3+ 71. Kf1 Ke3 72. Ke1 1/2-1/2

[Event "BCF-ch PM U1450 op"]
[Site "Hull"]
[Date "2024.07.30"]
[Round "2"]
[White "Robinson, Mark"]
[Black "Dearing, Alexander"]
[Result "1/2-1/2"]
[WhiteElo "1424"]
[BlackElo "1040"]
[PlyCount "127"]
[EventDate "2024.07.29"]
[EventType "swiss"]
[EventRounds "6"]
[EventCountry "ENG"]
[SourceTitle "CBM 221 Extra"]
[Source "ChessBase"]
[SourceDate "2024.09.30"]
[SourceVersion "1"]
[SourceVersionDate "2024.09.30"]
[SourceQuality "1"]

1. e4 e5 2. Nf3 Nc6 3. Bc4 Bc5 4. d3 Nf6 5. c3 d6 6. a4 a6 7. h3 Be6 8. Bxe6 fxe6 9. 0-0 h6 10. Re1 Qe7 11. b4 Ba7 12. Be3 Bxe3 13. Rxe3 d5 14. exd5 exd5 15. Kf1 0-0 16. Qe1 Rfe8 17. Na3 Kh7 18. Nc2 Rad8 19. b5 Na7 20. bxa6 bxa6 21. Nxe5 Qc5 22. d4 Qf8 23. f3 Ne4 24. Kg1 Nd6 25. Qe2 Nf5 26. Qd3 g6 27. Ree1 Qf6 28. Ne3 Nxe3 29. Rxe3 c5 30. Rb1 c4 31. Qc2 Rb8 32. Rxb8 Rxb8 33. Nd7 Qg5 34. Qe2 Rb1+ 35. Kf2 h5 36. g3 h4 37. g4 Qf4 38. Re7+ Kh6 39. Rh7+ Kxh7 40. Qe7+ Kh6 41. Qxh4+ Kg7 42. Qe7+ Qf7 43. Qe5+ Kh6 44. g5+ Kh7 45. Nf6+ Kh8 46. Qg3 Rb2+ 47. Kf1 Kg7 48. Qh4 Kf8 49. Nh7+ Ke7 50. Qe1+ Qe6 51. Nf6 Qxe1+ 52. Kxe1 Rh2 53. Nxd5+ Kd6 54. Nf4 Rh1+ 55. Kf2 Nc8 56. Kg2 Rc1 57. Ne2 Ra1 58. h4 Rxa4 59. h5 gxh5 60. f4 Ke6 61. d5+ Kxd5 62. f5 Ke5 63. f6 Ke6 64. Nf4+ 1/2-1/2

[Event "BCF-ch U12"]
[Site "Hull"]
[Date "2024.07.28"]
[Round "1"]
[White "Pai, Sidhanth"]
[Black "Dearing, Alexander"]
[Result "1-0"]
[WhiteElo "1648"]
[BlackElo "1040"]
[PlyCount "91"]
[EventDate "2024.07.28"]
[EventType "swiss"]
[EventRounds "7"]
[EventCountry "ENG"]
[SourceTitle "EXT 2025"]
[Source "ChessBase"]
[SourceDate "2024.10.14"]
[SourceVersion "1"]
[SourceVersionDate "2024.10.14"]
[SourceQuality "1"]

1. e4 e5 2. Nf3 Nc6 3. Bc4 Bc5 4. c3 Qf6 5. d3 d6 6. a4 a6 7. Be3 Bxe3 8. fxe3 Bg4 9. Nbd2 Nge7 10. 0-0 0-0 11. h3 Bh5 12. Qe1 Na5 13. Ba2 c5 14. Qg3 Nac6 15. Nc4 Rad8 16. Nb6 Qg6 17. Qf2 Rb8 18. Nd7 Rbd8 19. Nxf8 Rxf8 20. g4 Kh8 21. Kh2 Bxg4 22. hxg4 Qh6+ 23. Kg2 Qg6 24. Qg3 Qh6 25. g5 Qg6 26. Rh1 h6 27. gxh6 Qxg3+ 28. Kxg3 g6 29. Ng5 Nd8 30. d4 d5 31. Bxd5 Nxd5 32. exd5 f6 33. Ne6 Nxe6 34. dxe6 cxd4 35. cxd4 Re8 36. d5 f5 37. Kh4 g5+ 38. Kxg5 Rg8+ 39. Kxf5 Rg3 40. e7 Rf3+ 41. Ke4 Rxe3+ 42. Kxe3 b5 43. axb5 e4 44. e8Q+ Kh7 45. Qf7+ Kh8 46. Qg7# 1-0

[Event "BCF-ch U12 rapid"]
[Site "Hull"]
[Date "2024.07.26"]
[Round "5"]
[White "Helsby, Matthew"]
[Black "Dearing, Alexander"]
[Result "1-0"]
[WhiteElo "1496"]
[BlackElo "1040"]
[PlyCount "55"]
[EventDate "2024.07.26"]
[EventType "swiss (rapid)"]
[EventRounds "9"]
[EventCountry "ENG"]
[SourceTitle "CBM 221 Extra"]
[Source "ChessBase"]
[SourceDate "2024.09.30"]
[SourceVersion "1"]
[SourceVersionDate "2024.09.30"]
[SourceQuality "1"]

1. d4 d5 2. Nf3 Nc6 3. e3 Nf6 4. Nbd2 Bf5 5. a3 e6 6. c4 Bd6 7. c5 Be7 8. b4 b6 9. Qa4 Qd7 10. Bb5 0-0 11. Bxc6 Qc8 12. Bxa8 Qxa8 13. 0-0 bxc5 14. dxc5 Bg4 15. Bb2 Ne4 16. Nxe4 dxe4 17. Ne5 Bf5 18. Qb3 f6 19. g4 fxe5 20. gxf5 Rf6 21. Bxe5 Rh6 22. Rad1 Qe8 23. Bg3 Kh8 24. fxe6 Qg6 25. Qd5 Bh4 26. Qd8+ Bxd8 27. Rxd8+ Qe8 28. Rxe8# 1-0